[Event "NB2 Asztalos csoport"]
[Site "Nagyatad"]
[Date "2024.12.15"]
[Round "4.4"]
[White "Molnar, Aurel"]
[Black "Nemeth, Attila Janos"]
[Result "0-1"]
[WhiteElo "2171"]
[BlackElo "1898"]
[PlyCount "100"]
[GameId "2124064128499699"]
[EventDate "2024.11.03"]
[EventType "team-tourn"]
[EventRounds "9"]
[EventCountry "HUN"]
[Source "chess.hu"]
[WhiteTeam "Sakk Egylet Nagyatad"]
[BlackTeam "Komloi BSK II."]
[WhiteTeamCountry "HUN"]
[BlackTeamCountry "HUN"]

1. d4 d5 2. Nf3 c5 3. c4 cxd4 4. Qxd4 e6 5. cxd5 exd5 6. e4 Nf6 7. exd5 Qxd5 8. Nc3 Qxd4 9. Nxd4 a6 10. Bg5 Bc5 11. Bxf6 gxf6 12. Nb3 Bb4 13. O-O-O Bxc3 14. bxc3 Nc6 15. Nd4 Bd7 16. Bc4 Ne5 17. Rhe1 Kf8 18. Bd5 Rb8 19. f4 Ng6 20. g3 h5 21. Be4 Bg4 22. Rd2 Re8 23. h3 Bxh3 24. f5 Ne5 25. Rh1 Bg4 26. Bxb7 a5 27. Bd5 Kg7 28. Kc2 Rb8 29. Rb1 Kh6 30. Rxb8 Rxb8 31. c4 Kg5 32. Rf2 Rb4 33. a3 Rb8 34. Kc3 Rb1 35. c5 Rc1+ 36. Rc2 Rg1 37. c6 Nxc6 38. Bxc6 Rxg3+ 39. Kb2 h4 40. Rc5 Rd3 41. Nc2 Bd1 42. Rxa5 h3 43. Ra8 Kf4 44. Ne1 Re3 45. Re8 Rxe8 46. Bxe8 Ke3 47. Kc3 Bg4 48. Nc2+ Kf2 49. Nd4 h2 50. Bc6 Bh3 0-1

[Event "NB2 Asztalos csoport"]
[Site "Nagyatad"]
[Date "2024.12.15"]
[Round "4.5"]
[White "Gyorke, Zoltan"]
[Black "Konig, Balazs"]
[Result "0-1"]
[WhiteElo "1965"]
[BlackElo "2101"]
[PlyCount "92"]
[GameId "2124064189616133"]
[EventDate "2024.11.03"]
[EventType "team-tourn"]
[EventRounds "9"]
[EventCountry "HUN"]
[Source "chess.hu"]
[WhiteTeam "Komloi BSK II."]
[BlackTeam "Sakk Egylet Nagyatad"]
[WhiteTeamCountry "HUN"]
[BlackTeamCountry "HUN"]

1. d4 Nf6 2. Nf3 c5 3. c3 cxd4 4. cxd4 d5 5. Nc3 Nc6 6. Bf4 a6 7. e3 Bg4 8. Be2 e6 9. O-O Bd6 10. Bxd6 Qxd6 11. Qb3 O-O 12. h3 Bh5 13. Rac1 b5 14. Rfe1 Rfc8 15. Qd1 Na5 16. Ne5 Bxe2 17. Qxe2 Nc4 18. Nd3 Nd7 19. b3 Ncb6 20. Qd2 h6 21. Ne2 Rxc1 22. Rxc1 Rc8 23. Rxc8+ Nxc8 24. Qc2 Ncb6 25. Nc5 Qc6 26. Qc3 Qc8 27. Nxd7 Qxc3 28. Nf6+ gxf6 29. Nxc3 b4 30. Ne2 Nc8 31. Kf1 Nd6 32. f3 Nb5 33. Ke1 f5 34. Kd2 Kg7 35. Kd3 Kf6 36. e4 fxe4+ 37. fxe4 dxe4+ 38. Kc4 Nc3 39. Nxc3 bxc3 40. Kxc3 Ke7 41. g4 Kd6 42. Kd2 Kd5 43. Ke3 f5 44. a3 f4+ 45. Ke2 Kxd4 46. h4 f3+ 0-1

[Event "NB2 Asztalos csoport"]
[Site "Nagyatad"]
[Date "2024.12.15"]
[Round "4.6"]
[White "Szijarto, Attila"]
[Black "Bator, Balazs"]
[Result "0-1"]
[WhiteElo "1985"]
[BlackElo "1971"]
[PlyCount "80"]
[GameId "2124064235806741"]
[EventDate "2024.11.03"]
[EventType "team-tourn"]
[EventRounds "9"]
[EventCountry "HUN"]
[Source "chess.hu"]
[WhiteTeam "Sakk Egylet Nagyatad"]
[BlackTeam "Komloi BSK II."]
[WhiteTeamCountry "HUN"]
[BlackTeamCountry "HUN"]

1. e4 c5 2. d4 cxd4 3. c3 dxc3 4. Nxc3 Nc6 5. Nf3 e6 6. Bc4 Bb4 7. O-O Bxc3 8. bxc3 Qa5 9. Qe2 Nge7 10. Rb1 a6 11. Rd1 O-O 12. Bb2 d5 13. Bb3 dxe4 14. Qxe4 Qf5 15. Qe2 Ng6 16. c4 Qg4 17. Qe3 e5 18. Ba3 Re8 19. Rd6 Nf4 20. Ne1 Bf5 21. Bd1 Qg5 22. Rxb7 Nd4 23. c5 Bh3 24. g3 Bg4 25. Rb1 Bxd1 26. Rxd1 Qh5 27. Rd2 Nde2+ 28. Rxe2 Nxe2+ 29. Kf1 Nd4 30. h4 Qf5 31. c6 Qh3+ 32. Kg1 Nf5 33. Qc1 Nxd6 34. Bxd6 Qe6 35. Qa3 Red8 36. Bc7 Rdc8 37. Ba5 Rxc6 38. Nd3 Rac8 39. Kh2 Rc2 40. Kg2 Rxa2 0-1

[Event "NB2 Asztalos csoport"]
[Site "Nagyatad"]
[Date "2024.12.15"]
[Round "4.7"]
[White "Koncsag, Sandor"]
[Black "Ferencz, Miklos"]
[Result "0-1"]
[WhiteElo "1775"]
[BlackElo "2003"]
[PlyCount "84"]
[GameId "2124064269611045"]
[EventDate "2024.11.03"]
[EventType "team-tourn"]
[EventRounds "9"]
[EventCountry "HUN"]
[Source "chess.hu"]
[WhiteTeam "Komloi BSK II."]
[BlackTeam "Sakk Egylet Nagyatad"]
[WhiteTeamCountry "HUN"]
[BlackTeamCountry "HUN"]

1. d4 c5 2. Nf3 cxd4 3. Nxd4 Nf6 4. g3 g6 5. Bg2 Bg7 6. O-O O-O 7. c3 a6 8. Qb3 Qc7 9. Nd2 d6 10. Qc4 Qd8 11. Qb3 Nbd7 12. Qc2 Qc7 13. N2b3 Nb6 14. Nd2 Bd7 15. Re1 Ng4 16. e3 d5 17. Qd1 Rad8 18. h3 Nf6 19. Ne2 Na4 20. Nb3 b5 21. Kh2 e5 22. Rf1 h5 23. Nd2 h4 24. Nf3 hxg3+ 25. Nxg3 e4 26. Nd4 Nh5 27. Qb3 Be5 28. Nde2 Be6 29. Qd1 Nc5 30. f4 exf3 31. Rxf3 Nxg3 32. Nxg3 Ne4 33. Qe1 Kg7 34. Bd2 Rh8 35. Rd1 Rh5 36. Rf4 Nxg3 37. Qxg3 f6 38. Kg1 Rdh8 39. Qf3 Bxf4 40. exf4 Bxh3 41. Be1 Bxg2 42. Qxg2 Qxf4 0-1

[Event "NB2 Asztalos csoport"]
[Site "Nagyatad"]
[Date "2024.12.15"]
[Round "4.8"]
[White "Kondakor, Mark"]
[Black "Gyorgy, Gergely"]
[Result "1-0"]
[WhiteElo "1968"]
[BlackElo "1777"]
[PlyCount "89"]
[GameId "2124064307703861"]
[EventDate "2024.11.03"]
[EventType "team-tourn"]
[EventRounds "9"]
[EventCountry "HUN"]
[Source "chess.hu"]
[WhiteTeam "Sakk Egylet Nagyatad"]
[BlackTeam "Komloi BSK II."]
[WhiteTeamCountry "HUN"]
[BlackTeamCountry "HUN"]

1. d4 d5 2. Nf3 Nf6 3. g3 Bf5 4. Bg2 h6 5. O-O c6 6. c4 e6 7. cxd5 exd5 8. Nc3 Bd6 9. Nd2 O-O 10. e4 dxe4 11. Ndxe4 Nxe4 12. Nxe4 Bc7 13. Nc5 Qc8 14. Be3 b6 15. Nb3 Bh3 16. Rc1 Bxg2 17. Kxg2 Qd7 18. Qf3 Bd6 19. Rc2 Rc8 20. Rfc1 a5 21. Nd2 b5 22. a3 Ra6 23. Ne4 Be7 24. Nc5 Bxc5 25. Rxc5 Qd6 26. Rxb5 Nd7 27. Rb3 Nf6 28. Rbc3 Nd5 29. Rc5 Rb8 30. R1c2 Rab6 31. Bc1 Ne7 32. Bf4 Qxd4 33. Bxb8 Rxb8 34. Qe3 Qf6 35. Qe5 Qxe5 36. Rxe5 Kf8 37. Rxa5 Rc8 38. b4 Rb8 39. Rcc5 f6 40. Ra7 Ke8 41. Rca5 g6 42. Ra8 Rxa8 43. Rxa8+ Kd7 44. Ra7+ Kd6 45. Rxe7 1-0

[Event "NB2 Asztalos csoport"]
[Site "Nagyatad"]
[Date "2024.12.15"]
[Round "4.9"]
[White "Nemeth, David Istvan"]
[Black "Bocska, Janos"]
[Result "1/2-1/2"]
[WhiteElo "1767"]
[BlackElo "1954"]
[PlyCount "88"]
[GameId "2124064347816005"]
[EventDate "2024.11.03"]
[EventType "team-tourn"]
[EventRounds "9"]
[EventCountry "HUN"]
[Source "chess.hu"]
[WhiteTeam "Komloi BSK II."]
[BlackTeam "Sakk Egylet Nagyatad"]
[WhiteTeamCountry "HUN"]
[BlackTeamCountry "HUN"]

1. d4 Nf6 2. c4 d5 3. Nf3 c6 4. Nc3 e6 5. g3 dxc4 6. Bg2 Nd5 7. Ne5 Bb4 8. Qc2 Qf6 9. h4 h6 10. O-O Nd7 11. Ne4 Qe7 12. Nxc4 N7f6 13. a3 Nxe4 14. Qxe4 Bd6 15. Qg4 g6 16. Nxd6+ Qxd6 17. Qf3 Qe7 18. e4 Nc7 19. Bf4 g5 20. Bxc7 Qxc7 21. Qf6 Rg8 22. Qxh6 gxh4 23. Qxh4 Qe7 24. Qxe7+ Kxe7 25. Rac1 Bd7 26. Rc3 Rg5 27. f4 Rg7 28. Kf2 Rh8 29. Rh1 Rxh1 30. Bxh1 f6 31. Bg2 e5 32. dxe5 fxe5 33. Rc5 exf4 34. gxf4 Kd6 35. Rg5 Rxg5 36. fxg5 Ke5 37. Ke3 Be8 38. Kd3 Bg6 39. Kc4 b6 40. b4 Bf7+ 41. Kd3 Bg6 42. a4 Bh7 43. a5 Bg6 44. Ke3 Bh7 1/2-1/2

[Event "NB2 Asztalos csoport"]
[Site "Nagyatad"]
[Date "2024.12.15"]
[Round "4.10"]
[White "Sasvari, Tamas"]
[Black "Niedling, Tamas"]
[Result "0-1"]
[WhiteElo "1858"]
[BlackElo "1717"]
[PlyCount "70"]
[GameId "2124064388091989"]
[EventDate "2024.11.03"]
[EventType "team-tourn"]
[EventRounds "9"]
[EventCountry "HUN"]
[Source "chess.hu"]
[WhiteTeam "Sakk Egylet Nagyatad"]
[BlackTeam "Komloi BSK II."]
[WhiteTeamCountry "HUN"]
[BlackTeamCountry "HUN"]

1. e4 c5 2. Nf3 Nc6 3. d4 cxd4 4. Nxd4 e5 5. Nxc6 bxc6 6. c4 Nf6 7. Nc3 Bb4 8. Bd3 Bxc3+ 9. bxc3 h6 10. Ba3 d6 11. Qa4 Qc7 12. c5 d5 13. exd5 Nxd5 14. Be4 Bd7 15. Qc2 Qa5 16. Bxd5 cxd5 17. Bb4 Qc7 18. O-O Bc6 19. Rfe1 O-O 20. c4 d4 21. f3 f5 22. Re2 a5 23. Ba3 e4 24. fxe4 fxe4 25. Rxe4 Bxe4 26. Qxe4 Rad8 27. Rb1 Rfe8 28. Qf3 Re3 29. Rb7 Rxf3 30. Rxc7 Rxa3 31. c6 d3 32. Rd7 Rc8 33. c7 Kh7 34. c5 Rc3 35. Rd8 Rxc7 0-1

[Event "NB2 Asztalos csoport"]
[Site "Nagyatad"]
[Date "2024.12.15"]
[Round "4.11"]
[White "Csiszar, Vivien"]
[Black "Szarka, Rego"]
[Result "1-0"]
[WhiteElo "1478"]
[BlackElo "1599"]
[PlyCount "41"]
[GameId "2124064435974245"]
[EventDate "2024.11.03"]
[EventType "team-tourn"]
[EventRounds "9"]
[EventCountry "HUN"]
[Source "chess.hu"]
[WhiteTeam "Komloi BSK II."]
[BlackTeam "Sakk Egylet Nagyatad"]
[WhiteTeamCountry "HUN"]
[BlackTeamCountry "HUN"]

1. e4 e5 2. Nf3 Nc6 3. Bc4 Bc5 4. O-O Nf6 5. d4 Bxd4 6. Nxd4 Nxd4 7. Bg5 h6 8. Bh4 g5 9. f4 gxh4 10. fxe5 Ne6 11. Rxf6 d6 12. Qh5 Qe7 13. Nc3 c6 14. Raf1 Rh7 15. exd6 Qxd6 16. Rxf7 Rxf7 17. Qxf7+ Kd8 18. Rd1 Nd4 19. Qg8+ Kc7 20. Qg7+ Bd7 21. Rxd4 1-0

[Event "NB2 Asztalos csoport"]
[Site "Kalocsa"]
[Date "2024.12.15"]
[Round "4.1"]
[White "Arbutina, Sinisa"]
[Black "Eltigani, Omar"]
[Result "1/2-1/2"]
[WhiteElo "2206"]
[BlackElo "2219"]
[PlyCount "45"]
[GameId "2124531988750478"]
[EventDate "2024.11.03"]
[EventType "team-tourn"]
[EventRounds "9"]
[EventCountry "HUN"]
[Source "chess.hu"]
[WhiteTeam "Bajai SSC"]
[BlackTeam "Kalocsai SK"]
[WhiteTeamCountry "HUN"]
[BlackTeamCountry "HUN"]

1. d4 d5 2. Nf3 Nf6 3. c4 c6 4. cxd5 cxd5 5. Nc3 Nc6 6. Bf4 Bf5 7. e3 e6 8. Bb5 Nd7 9. O-O Be7 10. Rc1 Rc8 11. Bxc6 Rxc6 12. Nb5 O-O 13. Bc7 Qa8 14. Rxc6 bxc6 15. Nd6 Bg4 16. Qa4 Bxf3 17. gxf3 Nb6 18. Qa6 Bd8 19. Bxd8 Rxd8 20. Nb7 Rb8 21. Na5 Nc4 22. Nxc4 dxc4 23. Qxc4 1/2-1/2

[Event "NB2 Asztalos csoport"]
[Site "Kalocsa"]
[Date "2024.12.15"]
[Round "4.2"]
[White "Halasz, Attila"]
[Black "Gabric, Goran"]
[Result "0-1"]
[WhiteElo "2070"]
[BlackElo "2204"]
[PlyCount "86"]
[GameId "2124532334076129"]
[EventDate "2024.11.03"]
[EventType "team-tourn"]
[EventRounds "9"]
[EventCountry "HUN"]
[Source "chess.hu"]
[WhiteTeam "Kalocsai SK"]
[BlackTeam "Bajai SSC"]
[WhiteTeamCountry "HUN"]
[BlackTeamCountry "HUN"]

1. d4 d5 2. Nf3 Nf6 3. c4 e6 4. Nc3 Be7 5. Bg5 O-O 6. e3 Nbd7 7. Rc1 c6 8. Bd3 dxc4 9. Bxc4 Nd5 10. Bxe7 Qxe7 11. O-O Nxc3 12. Rxc3 e5 13. dxe5 Nxe5 14. Nxe5 Qxe5 15. Qc2 Bg4 16. h3 Be6 17. Bd3 g6 18. a4 Rfd8 19. Rc5 Rd5 20. Rxd5 Bxd5 21. e4 Be6 22. f4 Qd4+ 23. Kh1 Rd8 24. Rf3 Qb4 25. f5 Bb3 26. Qf2 Qxa4 27. Qh4 Rd7 28. Qh6 Qb4 29. h4 Bd1 30. Rg3 Qf8 31. Qg5 Qd8 32. fxg6 hxg6 33. Qe3 Bh5 34. e5 Qxh4+ 35. Rh3 Qd4 36. Qg3 Bg4 37. Bxg6 fxg6 38. e6 Rd8 39. e7 Re8 40. Rh4 Rxe7 41. Qb8+ Kf7 42. Rh7+ Ke6 43. Qg8+ Kd7 0-1

[Event "NB2 Asztalos csoport"]
[Site "Kalocsa"]
[Date "2024.12.15"]
[Round "4.3"]
[White "Nemeth, Antal"]
[Black "Molnar, Krisztian"]
[Result "1/2-1/2"]
[WhiteElo "2193"]
[BlackElo "1979"]
[PlyCount "38"]
[GameId "2124532955554079"]
[EventDate "2024.11.03"]
[EventType "team-tourn"]
[EventRounds "9"]
[EventCountry "HUN"]
[Source "chess.hu"]
[WhiteTeam "Bajai SSC"]
[BlackTeam "Kalocsai SK"]
[WhiteTeamCountry "HUN"]
[BlackTeamCountry "HUN"]

1. Nf3 d5 2. g3 Nf6 3. Bg2 c6 4. d4 Ne4 5. c4 e6 6. O-O Nd7 7. Qc2 Bd6 8. Nc3 f5 9. Rb1 O-O 10. b4 Ndf6 11. b5 Qa5 12. Nxe4 Nxe4 13. Nd2 Nc3 14. Nb3 Qb4 15. c5 Nxb1 16. cxd6 Na3 17. Qc5 Qxc5 18. Nxc5 Nxb5 19. d7 Bxd7 1/2-1/2

[Event "NB2 Asztalos csoport"]
[Site "Kalocsa"]
[Date "2024.12.15"]
[Round "4.4"]
[White "Ruppaner, Janos"]
[Black "Balint, Richard"]
[Result "1-0"]
[WhiteElo "2027"]
[BlackElo "2083"]
[PlyCount "79"]
[GameId "2124533265826109"]
[EventDate "2024.11.03"]
[EventType "team-tourn"]
[EventRounds "9"]
[EventCountry "HUN"]
[Source "chess.hu"]
[WhiteTeam "Kalocsai SK"]
[BlackTeam "Bajai SSC"]
[WhiteTeamCountry "HUN"]
[BlackTeamCountry "HUN"]

1. e4 c5 2. Nf3 d6 3. d4 cxd4 4. Nxd4 Nf6 5. Nc3 a6 6. Bg5 e6 7. f4 Be7 8. Qe2 h6 9. Bxf6 Bxf6 10. O-O-O Qc7 11. g4 Nc6 12. Nb3 Bd7 13. h4 O-O-O 14. Bg2 Kb8 15. Rh3 Bc8 16. Qf2 Nb4 17. Kb1 Nc6 18. a3 Na5 19. Nxa5 Qxa5 20. g5 Be7 21. Rg3 g6 22. Ne2 Bd7 23. b4 Qa4 24. Kb2 Rc8 25. Nc3 Qc6 26. e5 d5 27. Rgd3 Bd8 28. Qd2 Bb6 29. Ne2 hxg5 30. hxg5 Rh2 31. Bf3 Qa4 32. Qc1 Rc4 33. R1d2 Qc6 34. Nc3 Bg1 35. Nxd5 Qa4 36. Nc3 Rxc3 37. Rxc3 a5 38. Rxd7 Qxd7 39. Qxg1 Qd2 40. Qb6 1-0

[Event "NB2 Asztalos csoport"]
[Site "Kalocsa"]
[Date "2024.12.15"]
[Round "4.5"]
[White "Follardt, Lorinc"]
[Black "Lukacs, Albert"]
[Result "1-0"]
[WhiteElo "1988"]
[BlackElo "1965"]
[PlyCount "67"]
[GameId "2124533888307572"]
[EventDate "2024.11.03"]
[EventType "team-tourn"]
[EventRounds "9"]
[EventCountry "HUN"]
[Source "chess.hu"]
[WhiteTeam "Bajai SSC"]
[BlackTeam "Kalocsai SK"]
[WhiteTeamCountry "HUN"]
[BlackTeamCountry "HUN"]

1. Nf3 Nf6 2. c4 c6 3. g3 g6 4. Bg2 Bg7 5. O-O O-O 6. Nc3 d5 7. d4 Nbd7 8. cxd5 cxd5 9. Bf4 Nb6 10. Rc1 Nh5 11. Ne5 Nxf4 12. gxf4 e6 13. Na4 Qh4 14. e3 Nd7 15. Rxc8 Rfxc8 16. Nxd7 g5 17. f5 Rc6 18. Qf3 Rd8 19. Ndc5 g4 20. Qg3 Qxg3 21. hxg3 b6 22. Nd3 Rc4 23. Nc3 Rdc8 24. Nf4 Rb4 25. fxe6 fxe6 26. Nd3 Rbc4 27. Nxd5 exd5 28. Bxd5+ Kf8 29. Bxc4 Rxc4 30. Rc1 b5 31. Rxc4 bxc4 32. Nb4 a5 33. Nc6 a4 34. Na5 1-0

[Event "NB2 Asztalos csoport"]
[Site "Kalocsa"]
[Date "2024.12.15"]
[Round "4.6"]
[White "Czibulka, Zoltan Dr."]
[Black "Darazs, Zoltan"]
[Result "0-1"]
[WhiteElo "1888"]
[BlackElo "2059"]
[PlyCount "92"]
[GameId "2124534322954641"]
[EventDate "2024.11.03"]
[EventType "team-tourn"]
[EventRounds "9"]
[EventCountry "HUN"]
[Source "chess.hu"]
[WhiteTeam "Kalocsai SK"]
[BlackTeam "Bajai SSC"]
[WhiteTeamCountry "HUN"]
[BlackTeamCountry "HUN"]

1. Nf3 Nf6 2. c4 g6 3. b3 Bg7 4. Bb2 O-O 5. g3 c5 6. Bg2 Nc6 7. O-O d6 8. d4 Ne4 9. e3 Bg4 10. h3 Bxf3 11. Bxf3 Ng5 12. Bxc6 bxc6 13. h4 Ne6 14. Qd2 cxd4 15. exd4 c5 16. dxc5 dxc5 17. Bxg7 Kxg7 18. Qxd8 Rfxd8 19. Nc3 Nc7 20. Rad1 f6 21. f4 Kf7 22. Kf2 e6 23. Ne4 Na6 24. Nd6+ Ke7 25. Nb5 Nb4 26. a3 Nc6 27. Rxd8 Rxd8 28. Ke3 Rd7 29. Rb1 Na5 30. Nc3 Rb7 31. Kd3 Rxb3 32. Rxb3 Nxb3 33. Ne4 h6 34. g4 f5 35. Nf2 Nd4 36. h5 fxg4 37. Nxg4 gxh5 38. Nf2 h4 39. Ke4 Kd6 40. a4 a5 41. Nh3 h5 42. Ke3 Nf5+ 43. Kf3 Kc6 44. Ke4 Nd6+ 45. Kd3 Kd7 46. Ng5 Ke7 0-1

[Event "NB2 Asztalos csoport"]
[Site "Kalocsa"]
[Date "2024.12.15"]
[Round "4.7"]
[White "Arato, Bela"]
[Black "Matota, Kornel Dr."]
[Result "0-1"]
[WhiteElo "2029"]
[BlackElo "1929"]
[PlyCount "208"]
[GameId "2124534978118110"]
[EventDate "2024.11.03"]
[EventType "team-tourn"]
[EventRounds "9"]
[EventCountry "HUN"]
[Source "chess.hu"]
[WhiteTeam "Bajai SSC"]
[BlackTeam "Kalocsai SK"]
[WhiteTeamCountry "HUN"]
[BlackTeamCountry "HUN"]

{[%evp 0,28,9,18,20,25,7,22,21,25,26,19,28,23,36,29,33,28,43,13,44,3,34,24,58,70,-28,51,2,29,48]} 1. e4 e5 2. Nf3 Nf6 3. Nxe5 d6 4. Nf3 Nxe4 5. d4 d5 6. Bd3 Be7 7. O-O O-O 8. Re1 Nf6 9. Bg5 h6 10. Bh4 Nc6 11. c3 Be6 12. Nbd2 Re8 13. Qc2 Nh5 14. Bxe7 Qxe7 15. Ne5 Nxe5 16. Rxe5 Nf6 17. Rae1 Qd6 18. Bf5 Bxf5 19. Qxf5 c6 20. Nf3 g6 21. Qh3 Kg7 22. Qg3 Qd7 23. h4 Ne4 24. Qf4 f6 25. Rxe8 Rxe8 26. c4 g5 27. Qe3 g4 28. Nh2 Nd6 29. Qc3 Rxe1+ 30. Qxe1 Nxc4 31. Qe2 h5 32. Nf1 Nd6 33. Ng3 Kg6 34. Qd3+ f5 35. Qe3 Nf7 36. Qf4 Qc8 37. Kh2 a5 38. b3 b5 39. a3 Qd7 40. a4 b4 41. Kg1 Qe6 42. Kh2 Qf6 43. Kg1 Nd6 44. f3 Qe7 45. Kf2 Qf6 46. Ke3 Nf7 47. Kd3 Nd8 48. fxg4 fxg4 49. Qxf6+ Kxf6 50. Nxh5+ Kg6 51. Nf4+ Kf5 52. Ke3 Nf7 53. Nd3 Kg6 54. Kf4 Kh5 55. Ne5 Nd8 56. Kf5 Kxh4 57. Nxg4 Kg3 58. Ne5 Kxg2 59. Kf6 Kf2 60. Ke7 Ke3 61. Kxd8 Kxd4 62. Nxc6+ Kc3 63. Nxa5 d4 64. Nc4 Kxb3 65. a5 Kxc4 66. a6 d3 67. a7 d2 68. a8=Q d1=Q+ 69. Ke7 Qe2+ 70. Kf6 Qf2+ 71. Kg6 Qg3+ 72. Kh7 Qc7+ 73. Kg6 Qd6+ 74. Kh7 b3 75. Qe4+ Kc3 76. Qe1+ Qd2 77. Qe5+ Kc2 78. Qc5+ Kb1 79. Kh8 Qc2 80. Qg1+ Ka2 81. Qa7+ Kb2 82. Kg8 Qg6+ 83. Kf8 Kb1 84. Qd4 Qf5+ 85. Kg8 Qa5 86. Qd1+ Ka2 87. Qe2+ b2 88. Qc4+ Ka1 89. Qd4 Qa3 90. Kh8 Qa6 91. Qc3 Ka2 92. Qc2 Qa8+ 93. Kg7 Qb7+ 94. Kh8 Qb3 95. Qd2 Ka1 96. Qd4 Qc2 97. Kg7 Ka2 98. Qd5+ Qb3 99. Qa5+ Qa3 100. Qd5+ Ka1 101. Qd4 Ka2 102. Qd2 Qe7+ 103. Kh8 Qe5+ 104. Kh7 Ka1 0-1

[Event "NB2 Asztalos csoport"]
[Site "Kalocsa"]
[Date "2024.12.15"]
[Round "4.8"]
[White "Bartuszek, Andras"]
[Black "Javor, Sandor"]
[Result "0-1"]
[WhiteElo "1814"]
[BlackElo "2084"]
[PlyCount "147"]
[GameId "2124570000150051"]
[EventDate "2024.11.03"]
[EventType "team-tourn"]
[EventRounds "9"]
[EventCountry "HUN"]
[Source "chess.hu"]
[WhiteTeam "Kalocsai SK"]
[BlackTeam "Bajai SSC"]
[WhiteTeamCountry "HUN"]
[BlackTeamCountry "HUN"]

1. e4 g6 2. d4 Bg7 3. Nc3 d6 4. Be3 c6 5. Qd2 Qa5 6. a3 Nf6 7. b4 Qc7 8. Bh6 Bxh6 9. Qxh6 a5 10. b5 cxb5 11. Bxb5+ Bd7 12. Bxd7+ Nbxd7 13. Nge2 Rg8 14. O-O Qc4 15. Rab1 b6 16. Qg5 Qe6 17. f3 Rc8 18. Rfd1 Qc4 19. h3 Kf8 20. Kh1 Rg7 21. e5 Ne8 22. Re1 e6 23. Ne4 d5 24. Nf6 Nexf6 25. exf6 Rg8 26. Rbd1 Ke8 27. Nf4 h6 28. Qxh6 Nxf6 29. Qg5 Ke7 30. Re5 Rcd8 31. Rde1 Rd6 32. Qh4 Rg7 33. R1e2 b5 34. Qe1 Qxd4 35. Nd3 Nd7 36. R5e3 Ra6 37. Qg3 Rd6 38. f4 Qf6 39. Ne5 g5 40. f5 Qxf5 41. Rf2 Qh7 42. Rc3 Nxe5 43. Qxe5 f5 44. Rc7+ Rd7 45. Rc6 Qh6 46. Re2 Rg6 47. Rc8 g4 48. Qc3 gxh3 49. g3 Qg7 50. Qc5+ Kf7 51. Qxb5 Re7 52. Qxa5 Rxg3 53. Qe1 Rg2 54. Qf1 Rxe2 55. Qxe2 Qg2+ 56. Qxg2 hxg2+ 57. Kxg2 Ra7 58. Rc3 Kf6 59. Kf3 Ra4 60. Ke2 d4 61. Rh3 e5 62. Rb3 e4 63. Kd2 Ke5 64. c3 Rc4 65. cxd4+ Kxd4 66. Rb8 f4 67. Rd8+ Ke5 68. Rb8 Rd4+ 69. Ke2 f3+ 70. Kf2 Rd2+ 71. Ke1 Ra2 72. Rb3 Kf4 73. Rc3 e3 74. Rb3 0-1

[Event "NB2 Asztalos csoport"]
[Site "Kalocsa"]
[Date "2024.12.15"]
[Round "4.9"]
[White "Kelemen, Aron"]
[Black "Mezei, Adam"]
[Result "1-0"]
[WhiteElo "1904"]
[BlackElo "1607"]
[PlyCount "49"]
[GameId "2124571671330535"]
[EventDate "2024.11.03"]
[EventType "team-tourn"]
[EventRounds "9"]
[EventCountry "HUN"]
[Source "chess.hu"]
[WhiteTeam "Bajai SSC"]
[BlackTeam "Kalocsai SK"]
[WhiteTeamCountry "HUN"]
[BlackTeamCountry "HUN"]

1. e4 e5 2. Nf3 Nc6 3. Bb5 d6 4. O-O Bd7 5. c3 Nf6 6. Re1 a6 7. Ba4 Be7 8. d4 b5 9. Bb3 Na5 10. dxe5 dxe5 11. Nxe5 Nxb3 12. axb3 O-O 13. Bg5 Be6 14. Nc6 Qe8 15. Nxe7+ Qxe7 16. e5 Rfd8 17. Nd2 Qc5 18. Qc1 Ng4 19. Ne4 Qb6 20. Bxd8 Rxd8 21. Qg5 Rd5 22. Rad1 Rxd1 23. Rxd1 g6 24. Nf6+ Kg7 25. Nxg4 1-0

[Event "NB2 Asztalos csoport"]
[Site "Kalocsa"]
[Date "2024.12.15"]
[Round "4.10"]
[White "Fekete, Antal"]
[Black "Kosa, Jeno"]
[Result "0-1"]
[WhiteElo "1588"]
[BlackElo "2020"]
[PlyCount "42"]
[GameId "2124572039016206"]
[EventDate "2024.11.03"]
[EventType "team-tourn"]
[EventRounds "9"]
[EventCountry "HUN"]
[Source "chess.hu"]
[WhiteTeam "Kalocsai SK"]
[BlackTeam "Bajai SSC"]
[WhiteTeamCountry "HUN"]
[BlackTeamCountry "HUN"]

{[%evp 0,42,12,21,16,18,20,0,21,12,34,-2,-11,-6,-9,3,5,-12,-12,-12,2,-14,1,9,3,-8,28,-99,-103,-96,19,21,14,-258,-315,-342,-356,-337,-384,-360,-405,-412,-403,-407,-414]} 1. e4 c5 2. Nf3 a6 3. d4 cxd4 4. Nxd4 Nf6 5. Nc3 e5 6. Nf3 Bb4 7. Bd2 O-O 8. a3 Bxc3 9. Bxc3 Nc6 10. Bd3 d5 11. Nxe5 Nxe5 12. Bxe5 dxe4 13. Bxf6 Qxf6 14. Bxe4 Qe5 15. Qe2 Re8 16. f3 f5 17. Bd5+ Kf8 18. Qxe5 Rxe5+ 19. Be4 fxe4 20. fxe4 Rxe4+ 21. Kd2 Be6 0-1

[Event "NB2 Barcza csoport"]
[Site "Fehergyarmat"]
[Date "2024.11.03"]
[Round "1.1"]
[White "Hegedus, Gyorgy"]
[Black "Szabo, Attila"]
[Result "1/2-1/2"]
[WhiteElo "2034"]
[BlackElo "2144"]
[PlyCount "23"]
[EventDate "2024.11.03"]
[EventType "team-tourn"]
[EventRounds "9"]
[EventCountry "HUN"]
[Source "chess.hu"]
[SourceDate "2024.11.04"]
[WhiteTeam "DEAC-Debr.Sakkiskola"]
[BlackTeam "Fehergyarmati SE"]
[WhiteTeamCountry "HUN"]
[BlackTeamCountry "HUN"]

1. d4 Nf6 2. Bg5 Ne4 3. Bf4 d5 4. Nd2 Bf5 5. Nxe4 Bxe4 6. e3 e6 7. Nf3 Bd6 8.
Bg3 O-O 9. Bd3 Bxd3 10. Qxd3 c5 11. c3 Nc6 12. Qb5 1/2-1/2

[Event "NB2 Barcza csoport"]
[Site "Fehergyarmat"]
[Date "2024.11.03"]
[Round "1.2"]
[White "Bartha, Gabor"]
[Black "Koncz, Istvan"]
[Result "1/2-1/2"]
[WhiteElo "2079"]
[BlackElo "1921"]
[PlyCount "88"]
[EventDate "2024.11.03"]
[EventType "team-tourn"]
[EventRounds "9"]
[EventCountry "HUN"]
[Source "chess.hu"]
[SourceDate "2024.11.04"]
[WhiteTeam "Fehergyarmati SE"]
[BlackTeam "DEAC-Debr.Sakkiskola"]
[WhiteTeamCountry "HUN"]
[BlackTeamCountry "HUN"]

1. d4 Nf6 2. c4 c6 3. Nc3 d5 4. e3 e6 5. Nf3 Be7 6. Bd3 Nbd7 7. O-O O-O 8. e4
dxe4 9. Nxe4 Nxe4 10. Bxe4 Nf6 11. Bc2 c5 12. Qd3 g6 13. Rd1 cxd4 14. Bh6 Re8
15. Nxd4 Bd7 16. Qf3 Qc7 17. Bg5 Kg7 18. Rac1 e5 19. Nb5 Bxb5 20. cxb5 Qb6 21.
Bb3 Rad8 22. Re1 h6 23. Bh4 Qxb5 24. Rc7 Rd7 25. Rxd7 Qxd7 26. Rxe5 Bd8 27.
Rxe8 Qxe8 28. Qc3 Qe4 29. Bxf6+ Bxf6 30. Qc1 Qe2 31. Bc4 Qxb2 32. Qxb2 Bxb2 33.
Kf1 f5 34. Ke2 Kf6 35. Bd5 b6 36. Kd3 Ke5 37. Bf7 g5 38. f3 a5 39. a4 Ba3 40.
Be8 Bc5 41. Bg6 Bg1 42. h3 Kf4 43. Ke2 Bd4 44. g4 fxg4 1/2-1/2